[Event "Helsinki Etela Vantaan CC"]
[Site "Helsinki"]
[Date "2022.05.14"]
[Round "2.2"]
[White "Jarvenpaa, Jari"]
[Black "Luukkonen, Tommi"]
[Result "1-0"]
[WhiteElo "2278"]
[BlackElo "2324"]
[PlyCount "69"]
[EventDate "2022.05.13"]
[EventType "tourn"]
[EventRounds "5"]
[EventCountry "FIN"]
[EventCategory "2"]
[SourceTitle "CBM 208 Extra"]
[Source "ChessBase"]
[SourceDate "2022.07.31"]
[SourceVersion "1"]
[SourceVersionDate "2022.07.31"]
[SourceQuality "1"]

1. e4 c5 2. c3 g6 3. d4 cxd4 4. cxd4 d5 5. Nc3 dxe4 6. Bc4 Nc6 7. Qb3 e6 8. d5 Nd4 9. Qd1 Bg7 10. Be3 Nf5 11. dxe6 Bxe6 12. Bxe6 fxe6 13. Qb3 Nge7 14. Qxe6 Bxc3+ 15. bxc3 Qd5 16. Qxd5 Nxd5 17. Bd4 Nxd4 18. cxd4 Nb4 19. Rb1 Nd3+ 20. Ke2 0-0-0 21. Ke3 Rhf8 22. Nh3 Rf5 23. Rhd1 Ra5 24. f3 Rxa2 25. fxe4 Nb2 26. Rdc1+ Kb8 27. d5 Na4 28. Nf4 Ra3+ 29. Kd4 Rf8 30. Nd3 Rc8 31. Rxc8+ Kxc8 32. Rf1 b5 33. e5 Nb6 34. Nc5 Ra2 35. d6 1-0

[Event "Helsinki Etela Vantaan CC"]
[Site "Helsinki"]
[Date "2022.05.13"]
[Round "1.2"]
[White "Palchuk, Andrii"]
[Black "Jarvenpaa, Jari"]
[Result "1-0"]
[WhiteElo "2253"]
[BlackElo "2278"]
[PlyCount "87"]
[EventDate "2022.05.13"]
[EventType "tourn"]
[EventRounds "5"]
[EventCountry "FIN"]
[EventCategory "2"]
[SourceTitle "CBM 208 Extra"]
[Source "ChessBase"]
[SourceDate "2022.07.31"]
[SourceVersion "1"]
[SourceVersionDate "2022.07.31"]
[SourceQuality "1"]

1. d4 f5 2. g3 Nf6 3. Bg2 e6 4. Nf3 d5 5. c4 c6 6. 0-0 Bd6 7. Nc3 Nbd7 8. Qc2 Ne4 9. Rb1 Qe7 10. c5 Bc7 11. b4 a6 12. Bf4 e5 13. dxe5 Nxe5 14. Nxe5 Bxe5 15. Bxe5 Qxe5 16. Rfc1 0-0 17. e3 Be6 18. Ne2 Bf7 19. a4 Rac8 20. Nd4 Bh5 21. Rb3 Qf6 22. Qb2 Qe7 23. f3 Ng5 24. b5 axb5 25. axb5 Ne6 26. bxc6 Nxd4 27. Qxd4 bxc6 28. Rcb1 Rc7 29. Rb8 Be8 30. h4 Ra7 31. Kh2 h6 32. Bf1 Kh7 33. Bd3 Bg6 34. Rxf8 Qxf8 35. Rb6 Ra2+ 36. Kh3 Qc8 37. Qf4 Rd2 38. h5 Rxd3 39. hxg6+ Kxg6 40. Qd6+ Kh7 41. Rb8 Qa6 42. Qe6 Qa7 43. Qxf5+ g6 44. Qc8 1-0

[Event "FIN-ch"]
[Site "Helsinki"]
[Date "2022.04.20"]
[Round "6"]
[White "Jarvenpaa, Jari"]
[Black "Ronka, Erik"]
[Result "1-0"]
[WhiteElo "2269"]
[BlackElo "2325"]
[PlyCount "141"]
[EventDate "2022.04.15"]
[EventType "tourn"]
[EventRounds "9"]
[EventCountry "FIN"]
[EventCategory "3"]
[SourceTitle "CBM 207 Extra"]
[Source "ChessBase"]
[SourceDate "2022.05.31"]
[SourceVersion "1"]
[SourceVersionDate "2022.05.31"]
[SourceQuality "1"]

1. c4 e6 2. g3 d5 3. Bg2 Nf6 4. Nf3 d4 5. 0-0 c5 6. e3 Nc6 7. d3 h6 8. exd4 cxd4 9. Bf4 Nd7 10. Re1 Bb4 11. Re2 Bc5 12. Na3 0-0 13. Nc2 a5 14. b3 Re8 15. a3 e5 16. Bd2 Nf6 17. b4 Bd6 18. c5 Bf8 19. b5 Nb8 20. c6 Bg4 21. h3 Bxf3 22. Bxf3 bxc6 23. Qe1 Qd6 24. Bxa5 Ra7 25. a4 cxb5 26. axb5 Nbd7 27. Bc6 Rb8 28. Na3 e4 29. Nc4 Qc5 30. Rxe4 Nxe4 31. Qxe4 Nf6 32. Qf3 Rxb5 33. Bxb5 Qxb5 34. Qd1 Qf5 35. Kg2 h5 36. Qf3 Qb5 37. Bc3 dxc3 38. Rxa7 c2 39. Qf4 Qb1 40. Nd2 Qb2 41. Nc4 c1Q 42. Nxb2 Qxb2 43. Qc4 Qb8 44. Qxf7+ Kh8 45. d4 Qd8 46. Kg1 Kh7 47. Rc7 Kh6 48. d5 Qb8 49. Rb7 Qd6 50. Rb1 Qc5 51. Rb8 Nh7 52. Qf4+ Kg6 53. Qe4+ Kh6 54. Qf4+ Kg6 55. Qe4+ Kh6 56. Qe6+ Nf6 57. Rc8 Qb4 58. Rc6 Qb1+ 59. Kg2 Qb5 60. g4 Kh7 61. Qf5+ Kg8 62. Qe6+ Kh7 63. Rc8 Qb4 64. g5 Nd7 65. Rc6 Nc5 66. g6+ Kh8 67. Qf5 Qe4+ 68. Qxe4 Nxe4 69. Kf3 Nd6 70. Kf4 Kg8 71. Ke5 1-0

[Event "FIN-chT 2022"]
[Site "Finland"]
[Date "2022.04.09"]
[Round "4.3"]
[White "Jarvenpaa, Jari"]
[Black "Pohjala, Henri"]
[Result "1-0"]
[WhiteElo "2278"]
[BlackElo "2343"]
[PlyCount "113"]
[EventDate "2020.09.12"]
[EventType "team-tourn"]
[EventRounds "11"]
[EventCountry "FIN"]
[SourceTitle "EXT 2023"]
[Source "ChessBase"]
[SourceDate "2022.10.05"]
[SourceVersion "1"]
[SourceVersionDate "2022.10.05"]
[SourceQuality "1"]
[WhiteTeam "Turku TuTS"]
[BlackTeam "Sastamala VammSK"]
[WhiteTeamCountry "FIN"]
[BlackTeamCountry "FIN"]

1. c4 d6 2. g3 c6 3. Bg2 e5 4. Nc3 Nf6 5. d4 Qc7 6. e4 Be7 7. Nf3 Bg4 8. h3 Bxf3 9. Bxf3 Nbd7 10. Be3 exd4 11. Qxd4 Nc5 12. 0-0 a5 13. Bg2 0-0 14. f4 Nfd7 15. Rfe1 Rfe8 16. Rad1 Qb6 17. Qd2 Qb4 18. Bf1 Bf6 19. Bf2 a4 20. a3 Qb3 21. Rc1 Rad8 22. Re3 Qb6 23. Rd1 Nb3 24. Qc2 Nd4 25. Qb1 Nc5 26. Ne2 Ndb3 27. Qc2 Qa5 28. Bg2 Ne6 29. Red3 Be7 30. Nc1 Nec5 31. Nxb3 axb3 32. Qc3 Qxc3 33. Rxc3 Bf6 34. e5 Na4 35. Rxb3 dxe5 36. Rxd8 Rxd8 37. Rb4 b5 38. cxb5 cxb5 39. f5 e4 40. Bxe4 Bxb2 41. Rb3 Bd4 42. Bxd4 Rxd4 43. Rd3 Rxd3 44. Bxd3 Nc3 45. Kf2 g6 46. fxg6 hxg6 47. Ke3 b4 48. Kd4 bxa3 49. Kxc3 a2 50. Kb2 Kg7 51. Kxa2 f5 52. Kb3 Kh6 53. Kc3 Kg5 54. Be2 Kf6 55. Kd4 g5 56. Bd3 f4 57. g4 1-0

[Event "Titled Tuesday intern op 16th Nov"]
[Site "Chess.com INT"]
[Date "2021.11.16"]
[Round "5"]
[White "Gracia Alvarez, Gerardo Antonio"]
[Black "Jarvenpaa, Jari"]
[Result "1-0"]
[WhiteElo "2237"]
[BlackElo "2270"]
[PlyCount "69"]
[EventDate "2021.11.16"]
[EventType "swiss (blitz)"]
[EventRounds "11"]
[EventCountry "USA"]
[SourceTitle "CBM 205 Extra"]
[Source "ChessBase"]
[SourceDate "2022.01.31"]
[SourceVersion "1"]
[SourceVersionDate "2022.01.31"]
[SourceQuality "1"]

1. e4 c6 2. c4 d5 3. cxd5 cxd5 4. exd5 Nf6 5. Qa4+ Nbd7 6. Nc3 g6 7. Bc4 Bg7 8. d3 0-0 9. Nf3 a6 10. Qa3 b6 11. 0-0 Bb7 12. Re1 Re8 13. Qb4 Rc8 14. a4 Qc7 15. Rxe7 Bf8 16. Rxe8 Rxe8 17. Qb3 Nc5 18. Qd1 Ng4 19. h3 Ne5 20. Bf4 Ncd7 21. Nxe5 Nxe5 22. Bb3 Bd6 23. Ne4 Nf3+ 24. Qxf3 Bxf4 25. Nf6+ Kf8 26. Nxe8 Kxe8 27. Re1+ Kf8 28. Qe4 Bd6 29. Qd4 Kg8 30. Re8+ Bf8 31. Qb4 Qc1+ 32. Kh2 Kg7 33. Qxf8+ Kf6 34. Qh8+ Kf5 35. Re5+ 1-0

[Event "Titled Tuesday intern op 16th Nov"]
[Site "Chess.com INT"]
[Date "2021.11.16"]
[Round "9"]
[White "Przybylski, Wojciech"]
[Black "Jarvenpaa, Jari"]
[Result "1-0"]
[WhiteElo "2321"]
[BlackElo "2270"]
[PlyCount "59"]
[EventDate "2021.11.16"]
[EventType "swiss (blitz)"]
[EventRounds "11"]
[EventCountry "USA"]
[SourceTitle "CBM 205 Extra"]
[Source "ChessBase"]
[SourceDate "2022.01.31"]
[SourceVersion "1"]
[SourceVersionDate "2022.01.31"]
[SourceQuality "1"]

1. e4 c6 2. Nc3 d5 3. Nf3 Nf6 4. e5 Ne4 5. d4 Nxc3 6. bxc3 Bg4 7. h3 Bxf3 8. Qxf3 e6 9. Bd3 c5 10. 0-0 c4 11. Be2 Nd7 12. Qg3 g6 13. Bg5 Be7 14. Bh6 Qa5 15. Rfb1 0-0-0 16. a4 a6 17. Qf3 f6 18. Bg7 fxe5 19. Bxh8 Rxh8 20. Qf7 Bf6 21. Qxe6 exd4 22. Rxb7 Kxb7 23. Qxd7+ Ka8 24. Qc6+ Ka7 25. Qxf6 Qxc3 26. Rb1 Rb8 27. Qf7+ Ka8 28. Qxd5+ Ka7 29. Qd7+ Ka8 30. Bf3+ 1-0

[Event "Titled Tuesday intern op 09th Nov"]
[Site "Chess.com INT"]
[Date "2021.11.09"]
[Round "8"]
[White "Horak, Martin"]
[Black "Jarvenpaa, Jari"]
[Result "0-1"]
[WhiteElo "2328"]
[BlackElo "2270"]
[PlyCount "90"]
[EventDate "2021.11.09"]
[EventType "swiss (blitz)"]
[EventRounds "11"]
[EventCountry "USA"]
[SourceTitle "CBM 205 Extra"]
[Source "ChessBase"]
[SourceDate "2022.01.31"]
[SourceVersion "1"]
[SourceVersionDate "2022.01.31"]
[SourceQuality "1"]

1. d4 Nf6 2. c4 e6 3. Nf3 Bb4+ 4. Bd2 a5 5. g3 b6 6. Bg2 Bb7 7. 0-0 Bxd2 8. Qxd2 0-0 9. Nc3 d6 10. Qc2 Nc6 11. e4 e5 12. d5 Nb4 13. Qe2 Ne8 14. b3 f5 15. exf5 Rxf5 16. Bh3 Rf8 17. a3 Na6 18. Rab1 Bc8 19. Bxc8 Qxc8 20. b4 Qg4 21. Kg2 Nf6 22. h3 Qh5 23. Nd2 Qg6 24. Nde4 Nh5 25. Qg4 Qxg4 26. hxg4 Nf6 27. f3 Nxe4 28. Nxe4 axb4 29. axb4 h6 30. Rfc1 Nb8 31. c5 Ra2+ 32. Nf2 e4 33. Ra1 exf3+ 34. Kg1 Rxa1 35. Rxa1 bxc5 36. bxc5 dxc5 37. Ra7 Rc8 38. Ne4 c4 39. Ra4 Nd7 40. Rxc4 Ne5 41. Rc3 Rd8 42. Kf2 Rxd5 43. Rxc7 Rd4 44. Nc3 Rd2+ 45. Ke3 Rc2 0-1

[Event "Titled Tuesday intern op 09th Nov"]
[Site "Chess.com INT"]
[Date "2021.11.09"]
[Round "9"]
[White "Jarvenpaa, Jari"]
[Black "Redzisz, Michal"]
[Result "0-1"]
[WhiteElo "2270"]
[BlackElo "2257"]
[PlyCount "68"]
[EventDate "2021.11.09"]
[EventType "swiss (blitz)"]
[EventRounds "11"]
[EventCountry "USA"]
[SourceTitle "CBM 205 Extra"]
[Source "ChessBase"]
[SourceDate "2022.01.31"]
[SourceVersion "1"]
[SourceVersionDate "2022.01.31"]
[SourceQuality "1"]

1. e4 c5 2. c3 d5 3. exd5 Qxd5 4. d4 Nc6 5. Nf3 Bf5 6. Be3 Nf6 7. dxc5 Qxd1+ 8. Kxd1 0-0-0+ 9. Nbd2 Ng4 10. Bb5 e6 11. Bxc6 bxc6 12. Nd4 Nxe3+ 13. fxe3 Bxc5 14. Rf1 Bg6 15. Ke2 e5 16. Nf5 Rd7 17. Ne4 Bb6 18. g4 Rhd8 19. h4 f6 20. h5 Bf7 21. Kf3 Bc4 22. Rfe1 g6 23. Nfg3 f5 24. gxf5 gxf5 25. Nxf5 Rf7 26. Neg3 e4+ 27. Kxe4 Bd3+ 28. Kf4 Bc7+ 29. Kg4 Rg8+ 30. Kh3 Bxf5+ 31. Nxf5 Rxf5 32. Rg1 Re8 33. Rae1 Rf3+ 34. Kg4 Rfxe3 0-1

[Event "FIN-ch"]
[Site "Sastamala"]
[Date "2021.07.21"]
[Round "5"]
[White "Jarvenpaa, Jari"]
[Black "Keinanen, Toivo"]
[Result "0-1"]
[WhiteElo "2274"]
[BlackElo "2460"]
[PlyCount "108"]
[EventDate "2021.07.17"]
[EventType "tourn"]
[EventRounds "9"]
[EventCountry "FIN"]
[EventCategory "2"]
[SourceTitle "CBM 203 Extra"]
[Source "ChessBase"]
[SourceDate "2021.09.30"]
[SourceVersion "1"]
[SourceVersionDate "2021.09.30"]
[SourceQuality "1"]

1. e4 e6 2. d4 d5 3. exd5 exd5 4. Nf3 Nf6 5. Bd3 c5 6. Qe2+ Be7 7. dxc5 0-0 8. 0-0 Bxc5 9. Bg5 h6 10. Bxf6 Qxf6 11. Nc3 Be6 12. Qe5 Qxe5 13. Nxe5 Bd4 14. Rfe1 Rc8 15. Ng6 Bxc3 16. bxc3 Rxc3 17. Ne7+ Kf8 18. Ng6+ Kg8 19. Ne7+ Kf8 20. Ng6+ fxg6 21. Rxe6 Rc6 22. Rae1 Rxe6 23. Rxe6 g5 24. Rd6 Nc6 25. Rxd5 Ke7 26. Rb5 b6 27. f3 Rd8 28. Kf2 Rd4 29. a3 Ra4 30. Rb3 Ne5 31. Bb5 Rh4 32. Rc3 Kd6 33. Rc8 Rd4 34. Ke3 Rd5 35. a4 Rc5 36. Rd8+ Ke7 37. Ra8 a5 38. Rb8 Rxc2 39. Rxb6 Nc4+ 40. Kd3 Nxb6 41. Kxc2 Kd6 42. Kd3 Kc5 43. Ke4 Kb4 44. Kf5 Nxa4 45. Be8 Nc3 46. Kg6 Nb5 47. Kxg7 a4 48. Kxh6 a3 49. Bf7 Nd4 50. Ba2 Kc3 51. Kxg5 Kb2 52. h4 Kxa2 53. h5 Kb1 54. h6 a2 0-1

[Event "Helsinki Mestarit Areenalla"]
[Site "Helsinki"]
[Date "2020.06.01"]
[Round "2"]
[White "Nyysti, Sampsa"]
[Black "Jarvenpaa, Jari"]
[Result "1/2-1/2"]
[WhiteElo "2336"]
[BlackElo "2282"]
[PlyCount "223"]
[EventDate "2020.05.31"]
[EventType "tourn"]
[EventRounds "5"]
[EventCountry "FIN"]
[EventCategory "2"]
[SourceTitle "CBM 196 Extra"]
[Source "ChessBase"]
[SourceDate "2020.07.31"]
[SourceVersion "1"]
[SourceVersionDate "2020.07.31"]
[SourceQuality "1"]

1. e4 d5 2. exd5 Nf6 3. Nf3 Nxd5 4. d4 g6 5. Bc4 Bg7 6. 0-0 0-0 7. Bb3 Nc6 8. c3 Bf5 9. Bg5 Nb6 10. a4 Na5 11. Ba2 c5 12. Re1 Re8 13. Nh4 Bxb1 14. Rxb1 c4 15. b4 cxb3 16. Bxb3 Qd7 17. Bc2 Rac8 18. Bd2 Nac4 19. Bc1 Nd5 20. Qf3 e5 21. Rd1 exd4 22. cxd4 Ncb6 23. Bb3 Rc3 24. Bxd5 Nxd5 25. Be3 Nxe3 26. fxe3 Rcxe3 27. Qf4 R3e4 28. Qg3 Rxd4 29. Re1 Rde4 30. Rxe4 Rxe4 31. Nf3 Re8 32. Qf4 b6 33. h4 Qd3 34. Rc1 Qe3+ 35. Qxe3 Rxe3 36. Rc7 Bf8 37. Rxa7 Ra3 38. Kf1 Ra1+ 39. Ke2 Ra2+ 40. Kd3 Rxg2 41. Ne5 Rf2 42. Nd7 Be7 43. h5 gxh5 44. Nxb6 Bg5 45. Nc4 h4 46. Rb7 h3 47. Rb1 h2 48. a5 Rg2 49. Rh1 Bf4 50. a6 Ra2 51. Ke4 Bc7 52. Kf3 Rxa6 53. Kg2 Rg6+ 54. Kf1 h5 55. Nd2 Ra6 56. Ke2 Re6+ 57. Kf1 Re3 58. Kf2 Ra3 59. Nf3 Ra2+ 60. Ke3 Kg7 61. Rb1 Kf6 62. Ke4 Re2+ 63. Kd3 Rb2 64. Rf1 Rf2 65. Nxh2 Rxf1 66. Nxf1 Kg5 67. Ke3 Kg4 68. Kf2 Bb6+ 69. Kg2 f5 70. Ng3 f4 71. Nf1 f3+ 72. Kh1 Kh3 73. Nh2 f2 74. Nf1 Bc7 75. Nd2 Bf4 76. Nf1 h4 77. Nd2 Bh6 78. Nf1 Bf8 79. Nd2 Bb4 80. Nf1 Ba5 81. Nd2 Bc7 82. Nf1 Bb6 83. Nd2 Bc7 84. Nf1 Bb8 85. Nd2 Bg3 86. Nf1 Kg4 87. Kg2 h3+ 88. Kh1 Bf4 89. Ng3 Kf3 90. Nf1 Ke2 91. Ng3+ Ke1 92. Nf1 Be5 93. Ng3 h2 94. Nf1 Bf4 95. Kg2 Ke2 96. Kh1 Bd6 97. Kg2 Be7 98. Nxh2 Bd6 99. Nf1 Bf4 100. Kh1 Kf3 101. Ng3 Be5 102. Nf1 Ke2 103. Kg2 Ke1 104. Kh1 Bd4 105. Kg2 Bc5 106. Ng3 Bd6 107. Nf1 Ke2 108. Kh1 Kf3 109. Ng3 Kg4 110. Nf1 Kh3 111. Ng3 Bb4 112. Nf1 1/2-1/2